=LDR 00000nam 2200000 4500 =001 $a INLIS000000000008270 =005 $a 20260518155819 =008 $a 260518################g##########0#ind## =022 ##$$a 979-798-069-3 =035 ##$$a 0010-0526000043 =082 ##$$a 153.8 =084 ##$$a 153.8 RIC t =100 #$$a Richard A. Bowell =245 ##$$a The 7 steps of spiritual quotient $b $c Richard A. Bowell; Archangela Yenny Satriawan (pengalih bahasa); Anton Sulistiyanto (penyunting) =246 ##$$a =260 ##$$a Jakarta $b Bhuana Ilmu Populer $c 2006 =300 ##$$a viii, 220 hlm. $b ilus. $c 23 cm $d =336 ##$$a =337 ##$$a =338 ##$$a =520 #$$a =600 #$$a =700 #$$a Archangela Yenny Satriawan (pengalih bahasa) =740 ##$$a The 7 steps of spiritual intelligence: the practical pursuit of purpose, success, and happiness =856 ##$$a =Wor $a 1